Groupes de 5 - Statistiques

Statistiques générales
  • Ce quiz a été pris 216 fois
    206 depuis la dernière actualisation
  • Le résultat moyen est 32 sur 40
Statistiques - réponses
Hint Réponse % Correct
Saveurs Amer
99%
Permanent du conseil de sécurité de l'ONU États-Unis
98%
Sens Toucher
98%
Continents Europe
97%
Océans Pacifique
97%
Continents Asie
96%
Océans Indien
96%
Sens Ouïe
96%
Sens Vue
96%
Continents Afrique
95%
Doigts de la main Majeur
95%
Océans Atlantique
94%
Sens Goût
94%
Doigts de la main Index
94%
Saveurs Sucré
94%
Sens Odorat
93%
Doigts de la main Pouce
93%
Permanent du conseil de sécurité de l'ONU France
92%
Saveurs Salé
92%
Continents Océanie
91%
Doigts de la main Auriculaire
89%
Doigts de la main Annulaire
86%
Émotions dans le film "Vice-Versa" Joie
85%
Saveurs Acide
83%
Océans Antarctique
82%
Émotions dans le film "Vice-Versa" Colère
82%
Émotions dans le film "Vice-Versa" Tristesse
81%
Permanent du conseil de sécurité de l'ONU Russie
79%
Océans Arctique
78%
Permanent du conseil de sécurité de l'ONU Royaume-Uni
77%
Permanent du conseil de sécurité de l'ONU Chine
73%
Émotions dans le film "Vice-Versa" Peur
71%
Émotions dans le film "Vice-Versa" Dégoût
61%
Continents Amériques
49%
Piliers de l'islam Prière | Salat
49%
Saveurs Umami
43%
Piliers de l'islam Jeûne | Sawm
38%
Piliers de l'islam Pélerinage | Hajj
33%
Piliers de l'islam Aumône | Zakat
26%
Piliers de l'islam Profession de foi | Shahada
13%
Aucun quiz correspondant
Distribution des résultats
% des personnes avec chaque résultat
Percentile par nombre de réponses
Votre historique - résultats
Vous n’avez pas pris ce quiz depuis la dernière actualisation